000 00339nam a2200145Ia 4500
005 20250423100700.0
008 250422s9999 xx 000 0 und d
020 _a9039320500
100 _aHaarhuis, C.
245 0 _aPromoting Anti-Corruption Reforms
260 _aiii, 338p.; 21cm.
260 _c2005
300 _a338 p
942 _cBK
999 _c34045
_d34045